Incorporación de un mayor número de usuarios correspondientes a los distintos procesos apoyados desde el proyecto Andes (Registro nro. 8056)

Detalles MARC
000 -CABECERA
Campo de control 01387nam a22002297a 4500
005 - FECHA Y HORA DE LA ULTIMA TRANSACCION
Campo de control 20141216110243.0
008 - ELEMENTOS DE LONGITUD FIJA—INFORMACION GENERAL
Campo de control 131216b2007 ck ||||| |||| 00| 0 spa d
040 ## - FUENTE DE CATALOGACIÓN
Agencia transcriptora CO-BoIH
041 ## - IDIOMA
Código de idioma para texto/pista de sonido o título separado Español
044 ## - PAÍS DE PUBLICACIÓN
País de publicación Colombia
090 ## - CLASIFICACIÓN LOCAL
Colección IAVH
Consecutivo 00925
100 ## - ASIENTO PRINCIPAL--NOMBRE PERSONAL
Nombre personal Caro Diaz- Angela
245 ## - MENCION DE TITULO
Título Incorporación de un mayor número de usuarios correspondientes a los distintos procesos apoyados desde el proyecto Andes
Parte restante del título asi como la documentación de tales procesos y los datos asociados sobre recursos, usarios, y espacios de uso en el aplicativo; así mismo nuevos enlaces con otros usuarios e investigadores que acompañan procesos similares, haciendo capacitaciones y asesorías pertinentes.
260 ## - PUBLICACION, DISTRIBUCION, ETC. (PIE DE IMPRENTA)
Lugar de publicación, distribución, etc. Bogotá
Nombre del editor, distribuidor, etc. Instituto de Investigación de Recursos Biológicos Alexander von Humboldt
Fecha de publicación, distribución, etc. 2007
300 ## - DESCRIPCION FISICA
Extensión 90 p.
Otros detalles físicos il.
Dimensiones 28 cm
500 ## - NOTA GENERAL
Nota general Informe tecnico contrato Nº 07-05-58605-0195 ps
520 ## - NOTA DE RESUMEN, ETC.
Nota de resumen Realizar el proceso de acercamiento del sistema de información de usos y saberes locales Yoscua, con grupos locales seleccionados del altiplano cundi-boyancense. mediante el apoyo conceptual para el diseño de un aplicativo amigable, el ajueste de la información disponible, la validación del aplicativo con grupos locales.
650 ## - ASIENTO SECUNDARIO DE MATERIA - TERMINO TEMATICO
Término temático o nombre geográfico como elemento de entrada Artesanias
650 ## - ASIENTO SECUNDARIO DE MATERIA - TERMINO TEMATICO
Término temático o nombre geográfico como elemento de entrada Plantas medicinales
650 ## - ASIENTO SECUNDARIO DE MATERIA - TERMINO TEMATICO
Término temático o nombre geográfico como elemento de entrada Biodiversidad
Subdivisión geográfica Region andina
942 ## - ELEMENTOS ADICIONALES (KOHA)
Sistema de clasificación Local
Tipo de ítem Informe Técnico
Existencias
Withdrawn status Lost status Sistema de Clasificación Damaged status No para préstamo Colección Inventariado Ubicación Permanente Ubicación actual Fecha de adquisición Total Checkouts Número topográfico Inventario / Código de Barras Date last seen Date checked out Ejemplar Price effective from Forma de adquisición Tipo de material
    Local     Humboldt Inventariado 2017 Bogotá Bogotá 16/12/2013 1 IAVH-00925 059642 09/08/2024 26/08/2019 Ej.1 16/12/2013   Informe Técnico